Food grain marketing in India; (Record no. 15191)

000 -LEADER
fixed length control field 00458nam a2200157 4500
020 ## - INTERNATIONAL STANDARD BOOK NUMBER
ISBN 0801406188
040 ## - CATALOGING SOURCE
Transcribing agency DLC
082 00 - DEWEY DECIMAL CLASSIFICATION NUMBER
Classification number 381 COR 1971 A074 Or.
100 1# - MAIN ENTRY--AUTHOR NAME
Personal name Lele, Uma J.
245 10 - TITLE STATEMENT
Title Food grain marketing in India;
Remainder of title private performance and public policy,
260 ## - PUBLICATION, DISTRIBUTION, ETC. (IMPRINT)
Place of publication Ithaca [N.Y.]
Name of publisher Cornell University Press
Year of publication [1971]
300 ## - PHYSICAL DESCRIPTION
Number of Pages xviii, 264 p.
Other physical details illus., maps.
Dimensions 23 cm.
650 #0 - SUBJECT ADDED ENTRY--TOPICAL TERM
Topical Term Grain trade
650 #0 - SUBJECT ADDED ENTRY--TOPICAL TERM
Topical Term Agriculture and state
942 ## - ADDED ENTRY ELEMENTS (KOHA)
Koha item type សៀវភៅភាសាអង់គ្លេស
952 ## - LOCATION AND ITEM INFORMATION (KOHA)
Withdrawn status [LOCAL, KOHA] 0
Holdings
Permanent Location Date acquired Koha item type Lost status Shelving location Barcode Current Location Full call number
Library Block A2017-11-13សៀវភៅភាសាអង់គ្លេស A074A07205Library Block A381 COR 1971 A074 Or.
មជ្ឈមណ្ឌលឯការនៃសាកលវិទ្យាល័យភូមិន្ទកសិកម្មចំការដូង

Powered by Koha